00236 a2200085 4500001000700000040003500007100003700042240003800079245003300117146282 cEscola São Tomás de Aquino aQUEIRÓS, Bartolomeu Campos de 10aO olho de vidro do meu avôlpor10aO olho de vidro do meu avô